=LDR 00000nam 2200000 4500 =001 INLIS000000000038709 =005 20130612144354 =008 ***********************************Ind** =035 ##$$0010-061300000038709 =041 ##$$a Ind =082 ##$$a 305.9 =090 ##$$a 305.9, Put k =100 ##$$a Putra, Sitiatava Rizema =245 ##$$a Komunitas - komunitas ekstrim di dunia, Sitiatava Rizema Putra; Editor, Virsya Hany =260 ##$$a 2011 $b Yogyakarta =300 ##$$a 203 hlm, Ilus, 21 cm =650 ##$$a Komunitas Ekstrim =700 ##$$a Hany, Virsya =850 ##$$a NBPNMAT